000 00818nas a2200265 4500
001 BR9800469
003 BR-BrBNA
005 20231205100709.0
007 ta
008 230509b bl.|||p| |||| 00| 00por d
040 _aBR-BrBNA
_bpor
_cBiblioteca Nacional de Agricultura
041 _a(Pt)
072 _aF02
100 1 _aTonietto, A.
100 1 _aDutra, L.F.
100 1 _aKersten, E.
245 1 _aInfluencia do acido indolbutirico e ethefon no enraizamento de estacas de pessegueiro (Prunus persica (L.)Bastsch)
650 _aPessego
650 _aAcido Indolbutirico
650 _aEtefon
650 _aEnraizamento de Estaca
773 0 _tCiencia Rural (Brazil)
_xISSN 0103-8478
_g(Oct-Dec 1997), v. 27(4) p. 567-569
_wBR9800469
909 _a202311
_bLúcia
_c55
_dLúcia Elande
942 _2AGRIS
_n0
_cANA
999 _c157529
_d157529